000 00222 a2200097 4500
001 46173
100 _aPetter M
245 _aOxford Juniors Encyclopedia
260 _aLondon
_bOxford University
_c
090 _c29279
_d29279
942 _aNUST-CAE
_cM
_c21423
999 _c281246
_d281246